Maternidad desde el encierro: Propuesta de Diseño Arquitectónico del Módulo Materno Infantil del CAI Vilma Curling Rivera
Guardat en:
| Autor principal: | |
|---|---|
| Altres autors: | |
| Format: | Llibre |
| Idioma: | Spanish |
| Publicat: |
[San José, Costa Rica]
2022
|
| Matèries: | |
| Etiquetes: |
Afegir etiqueta
Sense etiquetes, Sigues el primer a etiquetar aquest registre!
|
MARC
| LEADER | 00000nam a2200000Ia 4500 | ||
|---|---|---|---|
| 003 | 013840 | ||
| 005 | 20240403133758.0 | ||
| 008 | 140114s2022 cr a 000 ||spa d | ||
| 040 | |c cru CEDI | ||
| 100 | |a Hernández Miranda, Andrea, 1996- |9 2862 | ||
| 245 | |a Maternidad desde el encierro: Propuesta de Diseño Arquitectónico del Módulo Materno Infantil del CAI Vilma Curling Rivera | ||
| 260 | |a [San José, Costa Rica] |c 2022 | ||
| 500 | |a Proyecto de graduación (licenciatura en arquitectura)--Universidad de Costa Rica. Facultad de Ingeniería. Escuela de Arquitectura, | ||
| 501 | |a Directora del Proyecto de Graduación: Arq. Marcela Vargas Rojas | ||
| 650 | |x SERVICIOS DE SALUD MATERNA |x MATERNIDAD |x MUJERES PRISIONERAS |x DISEÑO ARQUITECTONICO | ||
| 700 | |a Vargas Rojas, Marcela, 1984- |d Directora del TFG |9 96 | ||
| 942 | |c TFG |h TFG 8981 |i 013840 |6 TFG_8981_013840000000000 | ||
| 999 | |c 13137 |d 13137 | ||
